000 00583nam a2200253Ia 4500
005 20260306154726.0
008 008 260114s9999 xx 000 0 eng d
020 _a9780511805394
037 _aEBOOK
040 _aCRL
040 _beng
040 _cCRL
041 _2eng
041 _aeng
084 _qCRL
100 _aGollin
_91128059
245 0 _aDriving Innovation
260 _bCambridge University Press
260 _c2012
650 _a Philosophy
856 _uhttps://doi.org/10.1017/CBO9780511805394
942 _cEBOOK
999 _c1708727
_d1708727